01007nam a2200289 k 4500001001300000005001500013008004100028020003500069040001900104041001300123049001700136056001300153090002000166100002200186245015000208246001700358260006000375300002000435500003100455504002400486546004100510653006300551700001400614740006000628900001800688950001100706KMO20260238520260519105416260514s2026 tgk b 000a kor a9791124038277g03110 :c\22000 a146043c1460431 akorheng0 lEM0000048840 a443.126 a443.1b베69모1 a베이커, 조앤10a모든 것은 별에서 시작되었다 :b천문학자가 바라본 우주와 인류의 발자취 /d조앤 베이커 지음 ;e고유경 옮김19aStarwatchers a[대구] :b북플레저:b책읽어주는남자,c2026 a339 p. ;c21 cm a원저자명: Joanne Baker a참고문헌 수록 a영어 원작을 한국어로 번역 a인문학a과학a천문학a우주a인류a과학지식1 a고유경02a천문학자가 바라본 우주와 인류의 발자취10aBaker, Joanne0 b\22000 |
|---|